01588naa a2200193 a 450000100080000000500110000800800410001902200140006010000230007424501030009726000090020052010110020965000160122065300240123670000210126070000250128170000220130677300660132812848871993-07-07 1989 bl uuuu u00u1 u #d a0100-67621 aGOMES, L. C. de L. aPerfil das pequenas e medias propriedades reflorestadas na Zona da Mata do Estado de Minas Gerais. c1989 aEste trabalho abrange propriedades rurais da Zona da Mata, situadas nos Municipios de Vicosa, Uba, Carangola e Manhuacu, que adotaram o reflorestamento pelo programa PRODEMATA. Essas propriedades foram escolhidas, ao acaso e classificadas em quatro categorias de tamanho: 0-10 ha; 10-50 ha; 50-100 ha; e de 100-200 ha. Procurou-se identificar o uso das terras, onivel de aceitacao e as limitacoes dessa atividade nas propriedades envolvidas. Constatou-se que a area relativa a culturas diminuiu e a de pastagens cresceu, com o aumento do tamanho da propriedade ate a terceira categoria de area, ocorrendo a inversao dessa tendencia com o aumento da categoria. As principais culturas encontradas nas propriedades foram milho, feijao e arroz. O reflorestamento teve maior penetracao nas menores propriedades (0-10 ha), cuja proporcao de area reflorestada e tres vezes a media da regiao, que atinge a 7% daarea da propriedade. Entretanto, essas propriedades apresentaram um baixo percentual de matas nativas. asmall farms aPequena propriedade1 aALVARENGA, S. C.1 aREZENDE, J. L. P. de1 aPAULA NETO, F. de tRevista Arvore, Vicosagv.13, n.2, p.182-194, jul./dez. 1989.